MARC details
| 000 -CABECERA |
| campo de control de longitud fija |
01140nam a2200301 a 4500 |
| 001 - NÚMERO DE CONTROL |
| campo de control |
000048939 |
| 005 - FECHA Y HORA DE LA ÚLTIMA TRANSACCIÓN |
| campo de control |
20260521144507.0 |
| 008 - DATOS DE LONGITUD FIJA--INFORMACIÓN GENERAL |
| campo de control de longitud fija |
190314s2016 dr 001 0 spa d |
| 020 ## - NÚMERO INTERNACIONAL ESTÁNDAR DEL LIBRO |
| Número Internacional Estándar del Libro |
9789945590579 |
| 040 ## - FUENTE DE LA CATALOGACIÓN |
| Centro catalogador/agencia de origen |
DO-SdBNP |
| Lengua de catalogación |
spa |
| Centro/agencia transcriptor |
BNPHU |
| 082 ## - NÚMERO DE LA CLASIFICACIÓN DECIMAL DEWEY |
| Número de clasificación |
121.4 |
| Número de documento/Ítem |
R696d |
| 100 1# - ENTRADA PRINCIPAL--NOMBRE DE PERSONA |
| Nombre de persona |
Rodríguez, Enerio |
| 9 (RLIN) |
76376 |
| 245 10 - MENCIÓN DE TÍTULO |
| Título |
Dissertationes aenerianae: Disertaciones de Eneiro sobre temas diversos / |
| Mención de responsabilidad, etc. |
eneiro Rodríguez ; prólogo Pedro José Ortega. |
| 260 ## - PUBLICACIÓN, DISTRIBUCIÓN, ETC. |
| Lugar de publicación, distribución, etc. |
Santo Domingo : |
| Nombre del editor, distribuidor, etc. |
FUNGLODE, |
| -- |
Instituto Global de Altos Estudios en Ciencias Sociales, |
| Fecha de publicación, distribución, etc. |
2016. |
| 300 ## - DESCRIPCIÓN FÍSICA |
| Extensión |
616 p. ; |
| Dimensiones |
23 cm. |
| 490 1# - MENCIÓN DE SERIE |
| Mención de serie |
Saberes emergentes; |
| 500 ## - NOTA GENERAL |
| Nota general |
Incluye índice de conceptos |
| 504 ## - NOTA DE BIBLIOGRAFÍA, ETC. |
| Nota de bibliografía, etc. |
Bibliografías p: 541-573 |
| 500 ## - NOTA GENERAL |
| Nota general |
Incluye datos biográficos del autor en las solapas |
| 500 ## - NOTA GENERAL |
| Nota general |
Incluye bibliografías a pie de páginas |
| 590 ## - NOTA LOCAL (RLIN) |
| Nota local |
Inventariado, 2019/YL |
| 650 #0 - PUNTO DE ACCESO ADICIONAL DE MATERIA--TÉRMINO DE MATERIA |
| Término de materia o nombre geográfico como elemento de entrada |
Filosofía |
| 9 (RLIN) |
813 |
| 650 #0 - PUNTO DE ACCESO ADICIONAL DE MATERIA--TÉRMINO DE MATERIA |
| Término de materia o nombre geográfico como elemento de entrada |
Filosofía de la ciencia |
| 9 (RLIN) |
19468 |
| 650 #4 - PUNTO DE ACCESO ADICIONAL DE MATERIA--TÉRMINO DE MATERIA |
| Término de materia o nombre geográfico como elemento de entrada |
Conocimiento |
| 9 (RLIN) |
40459 |
| 700 1# - PUNTO DE ACCESO ADICIONAL--NOMBRE DE PERSONA |
| Nombre de persona |
Ortega, Pedro José |
| Término indicativo de función/relación |
Pról. |
| 9 (RLIN) |
76373 |
| 710 22 - PUNTO DE ACCESO ADICIONAL--NOMBRE DE ENTIDAD CORPORATIVA |
| Nombre de entidad corporativa o nombre de jurisdicción como elemento de entrada |
Fundación Global Democracía y Desarrollo |
| 9 (RLIN) |
25477 |
| 830 #0 - PUNTO DE ACCESO ADICIONAL DE SERIE-TÍTULO UNIFORME |
| Título uniforme |
Saberes emergentes |
| 9 (RLIN) |
76377 |